Risk and Grow rich (Record no. 565830)

MARC details
000 -LEADER
fixed length control field 00259nam a22001097a 4500
008 - FIXED-LENGTH DATA ELEMENTS--GENERAL INFORMATION
fixed length control field 241115b |||||||| |||| 00| 0 eng d
020 ## - INTERNATIONAL STANDARD BOOK NUMBER
ISBN 9780060899721
Paper back/Hardbound pbk
082 ## - DEWEY DECIMAL CLASSIFICATION NUMBER
Classification number 332.6
Item number TOD
245 ## - TITLE STATEMENT
Title Risk and Grow rich
260 ## - PUBLICATION, DISTRIBUTION, ETC. (IMPRINT)
Place of publication Regan books
942 ## - ADDED ENTRY ELEMENTS (KOHA)
Koha item type English Books
Holdings
Withdrawn status Lost status Damaged status Not for loan Home library Current library Shelving location Date acquired Full call number Accession Number Price effective from Koha item type
        Anna Centenary Library Anna Centenary Library 4TH FLOOR, A WING 15.11.2024 332.6 TOD 494441 15.11.2024 English Books

Find us on the map